000 00246nam a2200097Ia 4500
001 1206421
005 20251014101930.0
008 250824s9999 xx 000 0 und d
245 0 _aKORKUNÇ YILLAR
_cCENGİZ DAĞCI
260 _bÖTÜKEN YAYINLARI
999 _c1206421
_d1206421